| 000 | 00624nam a2200217 a 4500 | ||
|---|---|---|---|
| 005 | 20240924070243.0 | ||
| 008 | 991125n1998 mx 000 0 spa u | ||
| 020 | _a8430112324 | ||
| 035 | _aUPN01000140463 | ||
| 049 | _aCG | ||
| 050 | 4 |
_aB2773 E8 _bK3.2b |
|
| 100 | 1 |
_aKant, Immanuel, _d1724-1804 |
|
| 245 | 1 | 0 |
_aCrítica de la razón práctica / _cImmanuel Kant ; tr. E. Miñana y Villagrasa. |
| 260 |
_aSalamanca, Esp. : _bSígueme, _c1998. |
||
| 300 | _a218 p. | ||
| 440 | 0 |
_aHermeneia ; _v39 |
|
| 650 | 4 |
_aÉtica _912720 |
|
| 650 | 4 |
_aRAZON PRACTICA _96547 |
|
| 650 | 4 |
_aFilosofía alemana _97273 |
|
| 905 | _aLibro | ||
| 999 |
_c112611 _d112611 |
||